000 00469nam a2200181Ia 4500
008 170705s9999 xx 000 0 und d
020 _a9780316109178
245 _aWhen dinosaurs die :
245 _ba guide to understanding death /
245 _cby Laurie Brown and Mark Brown.
260 _aBoston :
260 _bLittle, Brown and Company,
260 _c1996
300 _a32 pages :
300 _bcolor illustration ;
300 _c23cm.
500 _a340
999 _c337232
_d337232